Southville International School and Colleges
Your cart is empty.
  • Cart
  • Lists
    Public lists Eva Luna New books Lux_list list_1
    Your lists Log in to create your own lists
  • Log in to your account
  • Your cookies
  • Search history
Southville International School and Colleges
  • Advanced search
  • Recent comments
  • Most popular
  • Libraries

Log in to your account

Log in with GOOGLE


If you do not have an external account, but do have a local account, you can still log in:

  1. Home
  2. MARC view: Die! die, evil! die! ahrrrgh! /
Normal view MARC view ISBD view

Die! die, evil! die! ahrrrgh! / (Record no. 306106)

[ view plain ]
MARC details
000 -LEADER
fixed length control field 00395nam a2200157Ia 4500
008 - FIXED-LENGTH DATA ELEMENTS--GENERAL INFORMATION
fixed length control field 170203s9999 xx 000 0 und d
050 ## - LIBRARY OF CONGRESS CALL NUMBER
Classification number Fic
050 ## - LIBRARY OF CONGRESS CALL NUMBER
Item number .A162d 2007
100 ## - MAIN ENTRY--PERSONAL NAME
Personal name Abrera, Manix.
245 ## - TITLE STATEMENT
Title Die! die, evil! die! ahrrrgh! /
245 ## - TITLE STATEMENT
Statement of responsibility, etc Manix Abrera.
260 ## - PUBLICATION, DISTRIBUTION, ETC. (IMPRINT)
Place of publication, distribution, etc Pasay City :
260 ## - PUBLICATION, DISTRIBUTION, ETC. (IMPRINT)
Name of publisher, distributor, etc Visual Prin Enterprises.
260 ## - PUBLICATION, DISTRIBUTION, ETC. (IMPRINT)
Date of publication, distribution, etc 2007
440 ## - SERIES STATEMENT/ADDED ENTRY--TITLE
Title Kiko machine komix.
Holdings
Withdrawn status Lost status Damaged status Home library Current library Shelving location Date acquired Total Checkouts Full call number Barcode Date last seen Price effective from Koha item type
      Stonyhurst Southville International School (Batangas) Stonyhurst Southville International School (Batangas)   02/03/2017   Fic .A162d 2007 US-1650 02/03/2017 02/03/2017 Books

Die! die, evil! die! ahrrrgh! /

APA

Abrera M., .Die! die, evil! die! ahrrrgh!. Pasay City: .

Chicago

Abrera Manix, .Die! die, evil! die! ahrrrgh!. Pasay City: .

Harvard

Abrera M., .Die! die, evil! die! ahrrrgh!. Pasay City: .

MLA

Abrera Manix, .Pasay City: . .

  • Place hold
  • Print
  • Cite
  • Add to your cart (remove)
  • Save record
    BIBTEX Dublin Core MARCXML MARC (non-Unicode/MARC-8) MARC (Unicode/UTF-8) MARC (Unicode/UTF-8, Standard) MODS (XML) RIS
  • More searches
    Search for this title in:
    Other Libraries (WorldCat) Other Databases (Google Scholar) Online Stores (Bookfinder.com) Open Library (openlibrary.org)

Exporting to Dublin Core...

SOUTHVILLE LIBRARY

Southville International School and Colleges Library

1281 Tropical Ave. Cor. Luxembourg St., BF Homes International, Las Pinas City

Tel. No. 8256374 / 252358 Loc. 117/146

Powered by Koha